000 04231cam a22003854i 4500
003 PE-LiUPU
005 20250731183419.0
008 150625s r 000 0 d
020 _a8477942536
035 _a(Sirsi) i9788477942535
040 _aPE-LiUPU
_bspa
_cPE-LiUPU
_erda
049 _aPRUA
082 0 4 _a720.288
_bI25
_221
111 2 _aSimposi sobre restauració monumental
_n3º.
_d1992
_cBarcelona, España
245 1 0 _aIII Simposi sobre Restauració Monumental :
_bBarcelona, del 19 al 21 de novembre de 1992. Estudis, informes, i textos del Servei del Patrimoni Arquitectònic Local /
_cSimposi sobre Restauració Monumental Barcelona Barcelona (Provincia). Servicio del Patrimonio Arquitectónico
246 _a3 Simposi sobre Restauració Monumental
264 1 _aBarcelona :
_bDiputació de Barcelona,
_c1993.
300 _a407 páginas :
_bilustraciones, fotos, planos,etc. ;
_c30x21 centímetros.
336 _atext
_2rdacontent
337 _aunmediated
_2rdamedia
338 _avolume
_2rdacarrier
490 0 _a(Quaderns científics i tècnics ;
_v5)
500 _aTexto en Catalan y Español.
505 0 _aRecuperar la cultura de la restauración -- La restauración monumental en España (1850-1939) -- La restauración crítica y la problemática actual -- El concepto de restauración en los monumentos granadinos -- II Palazzo Ducale di Venezia: mirabile architettura del s. XIX -- El final de la magia -- Destruccions i restauracions monumentals al vuit-cents. A propòsit de I'article de V. Almirall Quatre paraules sobre monuments, objectes i records d'èpoques passades (1884) -- La Restauración de la fachada de la casa consistorial de Pamplona-Iruña -- Procés de rehabilitació de l'església vella de Sant Joan de Térmens ( Noguera, Lleida) -- Restauración de la iglesia de Sant Quirze i Santa Julita de Muntanyola. Objetivos y criterios -- Resultados de la investigación histórico-arqueológica en la iglesia de Sant Quirze y Santa Julita de Muntanyola -- Intervencions a la muralla de Tarragona -- Aportación a la restauración monumental del levantamiento fotogramétrico con cámaras no métricas -- La aireación y el desecamiento en la restauración. Rehabilitación de la iglesia de los Padres Sacramentinos de Tolosa -- La casa nazarí de Zafra en Granada -- Apóstoles, momos y mecenas, personajes para una restauración en la catedral de Valencia -- El monasterio de Gradefes y su conservación -- El recinto amurallado de Buitrago del Lozoya -- La restauración de la Torre de Hércules (La Coruña) 1791-1992 -- Continente para un contenido: El teatro romano de Italica -- Restauración de la iglesia de la Magdalena de Sevilla -- La iglesia de San Miguel de Andaluz (Soria), de la singularidad al tipo -- Centro Cultural "Escoles Velles", de Begur -- Noticia histórica del Palau Güell – La restauración del Palau Güell: criterios y actitudes -- Analisi preliminare e programa di studio per la valutazione della sicurezza del Palau Güell -- Análisis artístico y constructivo: las chimeneas de la azotea del Palau Güell -- Proceso creativo de la restauración de la azotea del Palau Güell. El caso de la chimenea número 7 -- El Col.legi de Sant Ignasi de Manresa -- Estudi de les fonts documentals de Can Mercader de Cornellà -- La torre de guaita de Ca l'Alzina de Miontgat (Barcelona) -- Església de Sant Llàtzer de Barcelona – El claustre del convent dels Trinitaris de Vilafranca del Penedès -- El pont vell de Roda de Ter. Estudi històric -- L'urbanisme de Sant Pere de Torelló al llarg de la història -- L'excavació a l'àrea de les termes romanes de Sant Boi de Llobregat (campanyes 1989-1991) -- Església de Santa Maria de Tagamanent. Recerca històrico-arqueològica – Análisis estructural de la cripta de la Colonia Güell.
526 _aP158
526 _aP146
526 _aP17
526 _aP12
526 _aP06
650 0 _aEdificios históricos
_xRestauración
_zEspaña
_vCongresos y asambleas.
_94360
710 _aBarcelona (Provincia)
_bServicio del Patrimonio Arquitectónico.
_94361
942 _2ddc
_cBK
999 _c43927
_d43927
980 _81
_gALBERTO SANCHEZ Responsable de Automatización